Science Quiz

Random Science or Computer Quiz

Java Primitive Data Types Quiz Stats

 Plays Quiz Updated Feb 7, 2020

Support Sporcle.
Go Orange.
Score 0/8 Timer 02:00
0 Plays Today
Hints/Examples % Correct
1, 2, 3, 4, ...int
92.8%
only two possible valuesboolean
88.1%
'a', '*', '3', ...char
85.2%
5.8523double
82.3%
single-precision 32-bitfloat
78.8%
64-bitlong
76%
8-bitbyte
72.8%
16-bitshort
65.8%

You're not logged in!

Compare scores with friends on all Sporcle quizzes.
OR
Log In
Forgot?

From the Vault

MLB Record Holder Runner-ups

by tacobell714

Sports 4m
Records were made to be broken.
Remove Ads.
Support Sporcle.
Get the best of Sporcle when you Go Orange. This ad-free experience offers more features, more stats, and more fun while also helping to support Sporcle. Thank you for becoming a member.

Show Comments

Extras

Top Quizzes Today


Score Distribution

Your Account Isn't Verified!

In order to create a playlist on Sporcle, you need to verify the email address you used during registration. Go to your Sporcle Settings to finish the process.

Report this User

Report this user for behavior that violates our Community Guidelines.

Details: